ბათუმის შოთა რუსთაველის სახელმწიფო უნივერსიტეტის ბიბლიოთეკა

აგროქიმია : (ბიბ.ჩანაწერი № 37486)

000 -ლიდერი
ფიქსირებული სიგრძის საკონტროლო ველი 01075nam a2200265Ia 4500
001 - საკონტროლო ნომერი
საკონტროლო ველი 3448
003 - საკონტროლო ნომრის იდენტიფიკატორი
საკონტროლო ველი GE_BSU
005 - ბოლო ოპერაციის თარიღი და დრო
საკონტროლო ველი 20190614145951.0
008 - ფიქსირებული სიგრძის მონაცემთა ელემენტები - ზოგადი ინფორმაცია
ფიქსირებული სიგრძის საკონტროლო ველი 181216s1991||||ge |||||||||||||| ||geo||
020 ## - წიგნის საერთაშორისო სტანდარტული ნომერი
International Standard Book Number 5505008488
040 ## - კატალოგიზაციის წყარო
Transcribing agency GE_BSU
041 ## - ენის კოდი
Language code of text/sound track or separate title geo
080 ## - უნივერსალური ათობითი კლასიფიკაციის ინდექსი
Universal Decimal Classification number 63(075.8)+54(075.8) ნ–21
100 ## - მთავარი ჩანაწერი - პიროვნების სახელი
Personal name ნაკაიძე, ილია
9 (RLIN) 2495
245 ## - ცნობა სათაურის შესახებ
Title აგროქიმია :
Remainder of title სახელმძღვ. სას. სამ. ინ-ტების სტუდ. /
Statement of responsibility, etc რედ. ლ. მესხი.
264 ## - წარმოების, გამოცემის, დისტრიბუციის და სხვა ცნობები
გამოცემის, წარმოების, დისტრიბუციის... ადგილი თბილისი :
გამოცემის, წარმოების, დისტრიბუციის... სახელწოდება განათლება,
გამოცემის, წარმოების, დისტრიბუციის... თარიღი 1991.
300 ## - ფიზიკური აღწერა
Extent 542 გვ. ;
Other physical details 22 სმ.
504 ## - BIBLIOGRAPHY, ETC. NOTE
Bibliography, etc ბიბლიოგრ.: გვ. 537.
653 ## - INDEX TERM--UNCONTROLLED
Uncontrolled term აგროქიმია
653 ## - INDEX TERM--UNCONTROLLED
Uncontrolled term მცენარის კვება
653 ## - INDEX TERM--UNCONTROLLED
Uncontrolled term სასუქები
653 ## - INDEX TERM--UNCONTROLLED
Uncontrolled term სასოფლო-სამეურნეო კულტურების განოყიერება
700 ## - ADDED ENTRY--PERSONAL NAME
Personal name აბესაძე, გიორგი
Relator term ავტორი
9 (RLIN) 2496
942 ## - ADDED ENTRY ELEMENTS (KOHA)
Koha item type წიგნი
Source of classification or shelving scheme
ეგზემპლარები
ჩამოწერის სტატუსი დაკარგული ეგზემპლარის სტატუსი კლასიფიკაციის წყარო ან თაროზე გაწყობის სქემა დაზიანების სტატუსი არ გაიცემა მუდმივი მდებარეობა (დაცვის ადგილი) ამჟამინდელი ადგილსამყოფელი თაროზე განთავსების ადგილი შეძენის თარიღი სრული შენახვის შიფრი შტრიხკოდი ბოლო ოპერაციის თარიღი ეგზემპლარის მიმდევრობითი ნომერი (კეტერი?) ფასის ძალაში შესვლის თარიღი ეგზემპლარის სახეობა საჯარო შენიშვნა
          ბათუმის შოთა რუსთაველის სახელმწიფო უნივერსიტეტის მთავარი ბიბლიოთეკა ბათუმის შოთა რუსთაველის სახელმწიფო უნივერსიტეტის მთავარი ბიბლიოთეკა წიგნსაცავი 2018-12-17 63(075.8)+54(075.8) ნ–21 4917 2018-12-17 4917 2018-12-17 წიგნი